Представление документа в формате RUSMARC

ПолеНазваниеЗначение
  Тип записи a
  Библиографический уровень m
001 Контрольный номер RU/SLIB/B/208737047
005 Дата корректировки 20231120113827.9
010 Индекс ISBN __
d Цена 1-70
101 Язык документа 0_
a Язык текста rus
200 Заглавие и сведения об ответственности 1_
a Заглавие Карст
f Первые сведения об ответственности Гвоздецкий Н. А.
b Общее обозначение материала Текст
210 Выходные данные 1_
a Место издания М.
c Издательство Мысль
d Дата издания 1981
215 Физическое описание __
a Объем 214 с.
c Иллюстрации/тип воспроизводства ил.
225 Серия 2_
a Серия Природа мира
330 Аннотация __
a Аннотация Рассматриваются геологические и географические условия развития карста, поверхностные и подземные карстовые формы, показаны особенности географических ландшафтов карстовых областей. Много внимания уделено характеристике наиболее интересных пещер.
606 Тематические рубрики __
a Основная рубрика Физическая география в целом
606 Тематические рубрики __
a Основная рубрика География
y Географическая подрубрика СССР; Европа
610 Ключевые слова 0_
a Ключевые слова геоморфология; карст; карстовое проявление; ландшафты
686 Индексы других классификаций __
a Классификационный индекс 26.823; ст26.82
700 Автор _1
a Фамилия Гвоздецкий
b Имя Н. А.
4 Код отношения 070
801 Источник записи _0
a Страна RU
b Организация Муниципальное бюджетное учреждение культуры "Централизованная библиотечная система" г. Сургут (Центральная городская библиотека им. А. С. Пушкина)
g Правила каталогизации КиК/Уланова
801 Источник записи _1
a Страна RU
b Организация Муниципальное бюджетное учреждение культуры "Централизованная библиотечная система" г. Сургут (Центральная городская библиотека им. А. С. Пушкина)
g Правила каталогизации КиК/Уланова
852 Данные о местонахождении __
j Шифр хранения 26.823
c Каталожный индекс 26.823
i Авторский знак Г 25
p Инвентарный номер 12269
901 Тип документа __
t Тип документа m
990 Данные о заказе (DOS) __
j Количество экземпляров (DOS) 2
t N записи в КСУ для И/У (DOS) 199101